Návrh webovej stránky pre potreby konkrétneho podniku bakalárska práca

Na minha lista:
Detalhes bibliográficos
Autor principal: Smutný, Peter
Autor Corporativo: Fakulta podnikového manažmentu EU. Katedra informačného manažmentu
Outros Autores: Juriková, Benita, 1973-
Formato: Livro
Idioma:eslovaco
Publicado em: Bratislava 2010
Tags: Adicionar Tag
Sem tags, seja o primeiro a adicionar uma tag!

MARC

LEADER 00000nam$a2200000$$$4500
001 0129060
005 20160627120502.3
041 0 |a slo 
044 |a SK 
245 1 0 |a Návrh webovej stránky pre potreby konkrétneho podniku  |b bakalárska práca  |c Peter Smutný ; škol. Benita Juriková 
264 1 |a Bratislava  |c 2010 
300 |a 36 s. 
100 1 |a Smutný, Peter 
700 1 |a Juriková, Benita, 1973- 
710 2 |a Fakulta podnikového manažmentu EU. Katedra informačného manažmentu